Os Lusíadas (Registo nº 323)

Detalhes MARC
000 -Etiqueta do registo
Cabeçalho 00937nam0a2200277 4500
005 - Identificador da versão
Campo de controlo 20240813121759.0
021 ## - Número do Depósito Legal
Código do país PT
Número 20 323/88
100 ## - Dados gerais de processamento
Dados gerais de processamento 20160512d1988 a e0pory5003 ba
102 ## - Pais de publicação ou produção
País de publicação Portugal
101 0# - Língua de publicação
Língua do texto, banda sonora, etc. Português
215 ## - Descrição física 
Indicação específica da natureza do documento e extensão da espécie 140, [1] p.
Outras indicações físicas il. color
200 1# - Titulo e menção de responsabilidade
Título próprio Os Lusíadas
Primeira menção de responsabilidade Luís de Camões
Outras menções de responsabilidade adapt. de António Manuel Couto Viana
-- il. de Lima de Freitas
205 ## - Menção da edição
Menção da edição 2ª ed
210 ## - Publicação, Distribuição, etc. 
Lugar da edição, distribuição, etc. Lisboa
Nome do editor, distribuidor, etc. Verbo
Data da publicação, distribuição, etc. D. L. 1988
606 ## - Nome comum usado como assunto
Número de registo de entrada de autoridade 0002007
Palavra de ordem Literatura portuguesa
Subdivisão de assunto Poesia
Código do sistema CA
Número de registo de entrada de autoridade 0002024
Palavra de ordem Literatura portuguesa
Subdivisão de assunto Romances históricos
Código do sistema CA
675 ## - Classificação Decimal Universal (CDU)
Notação 821.134.3-1
Edição 3ª ed.
Língua da edição por
Notação 821.134.3-311.6
Edição 3ª ed.
Língua da edição por
702 #1 - Nome de autor-pessoa física (responsabilidade secundária)
Número de registo de entrada de autoridade 0002287
Palavra de ordem Camões
Outra parte do nome não tomada para palavra de ordem Luís Vaz de
Datas 1524?-1580
Código de função Antecedente bibliográfico
Número de registo de entrada de autoridade 0002913
Palavra de ordem Viana
Outra parte do nome não tomada para palavra de ordem António Manuel Couto
Datas 1923-2010
Código de função Adaptador
Número de registo de entrada de autoridade 0002914
Palavra de ordem Freitas
Outra parte do nome não tomada para palavra de ordem Lima de
Código de função Ilustrador / Técnico de desenho computorizado
966 ## - Identificação da Biblioteca
Sigla EB2,3ENM
942 ## - Elementos de entrada adicionados (Koha)
Tipo de item no Koha Livro
Exemplares
Situação do levantamento Origin of item (home branch) (coded) Biblioteca de empréstimo Código de barras Cota Circulation type (not for loan) Tipo de documento Nota do exemplar Damaged status
  Biblioteca Escolar Eng. Nuno Mergulhão Biblioteca Escolar Eng. Nuno Mergulhão BENM07 82LP-3 VIA   Livro Sem mensagem